Guess the Taylor Swift Song (no hints) 71 - Statistics

General Stats
  • This quiz has been taken 83 times
  • The average score is 307 of 376
Answer Stats
Answer % Correct
a
100%
I
100%
(I
100%
And
98%
and
98%
the
98%
you
98%
it
95%
me
94%
me,
94%
your
94%
in
92%
it's
92%
That
92%
to
90%
When
90%
for
89%
I'll
87%
on
87%
too
87%
be,
86%
be
86%
like
84%
then
84%
are
83%
ever
83%
(ever
83%
ever)
83%
of
83%
all
81%
get
81%
(get
81%
how
81%
were
81%
what
81%
go
79%
(oh)
79%
oh
79%
say,
79%
Say
79%
say
79%
that's
79%
That's
79%
(That's
79%
there
79%
back
78%
girl
78%
girl,
78%
girl)
78%
up
78%
why,
76%
why
76%
don't
75%
been
73%
never
73%
or
73%
want,
73%
want
73%
would
73%
heart,
71%
wait
71%
works
71%
works)
71%
Yeah,
71%
yeah
71%
yeah,
71%
her
70%
put
70%
together
70%
mind
68%
tell
68%
Tell
68%
better
67%
better)
67%
Broke
67%
now
67%
know,
65%
worse
65%
(worse
65%
long
63%
Stand
63%
used
63%
lost
62%
rain,
62%
rain
62%
ghost
60%
left
60%
Shaking
60%
told
60%
with
60%
months
59%
open
59%
She'll
59%
six
59%
afraid
57%
got
57%
alone
56%
cheeks,
56%
cheeks
56%
kisses
56%
door
54%
frames
52%
pictures
52%
Pictures
52%
Remind
52%
must've
51%
could
46%
insane-ane?
37%
come
29%
No matching quizzes found
Score Distribution
Percent of People with Each Score
Percentile by Number Answered
Your Score History
You have not taken this quiz